000 00527nam a2200181Ia 4500
005 20250508154746.0
008 008 250505s9999 xx 000 0 eng d
037 _aTextual
040 _aFEDL
_beng
_cFEDL
041 _aeng
_2eng
084 _a378.954, DON
_qFEDL
100 _aDongerkery S R
_9755805
245 0 _aUniversity education in India
260 _aBombay, India
_bP. C. Manaktala and Sons Private Ltd
_c1967
300 _axiv,360p.
942 _cTEXL
_h378.954, DON
999 _c1351989
_d1351989